1322 1020 1511 1942 1859 1453 1082 1941 1794 1070 1376 1335 1140 1218 1378 1197 1003 1544 1167 1464 1542 1888 1165 1536 1849 1760 1017 1944 1571 1085 1941 1651 1500 1458 1679 1693 1839 1846 1408 1965 1988 1480 1818 1162 1585 1338 1529 1469 1182 1696 1851 1081 1969 1694 1308 1632 1382 1300 1536 1588 1709 1646 1915 1267 1043 1957 1352 1583 1965 1696 1936 1569 1440 1517 1331 1096 1031 1278 1858 1041 1510 1795 1036 1181 1656 1275 1205 1909 1712 1622 1531 1082 1461 1509 1908 1219 1550 1278 1392 BCNSPRNW ULIB Ver.6.0+V

เปลี่ยนเป็นภาษาไทย

Change to English
 แสดงรายละเอียดบรรณานุกรม
  กลับหน้าหลัก

Brief Record : Get Marc (ISO 2709) : E-mail record : QR code < ปิดหน้าต่าง
LEADER : 00000nam 2200000uu 4500
001    13399113230
003     ULIB
008    111003s2543||||th 000 0 tha d
020    9746400134
050 04 QD415^bอ633ช 2543
100 0  อาภัสสรา ชมิดท์
245 10 ชีวเคมี /^cอาภัสสรา ชมิดท์
250    พิมพ์ครั้งที่ 3
260    กรุงเทพฯ :^bเค.ยู.เพลส์,^c2543
300    596 หน้า :^bภาพประกอบ
650  4 ชีวเคมี
945    ^p250^l0^i006152
995    ทศพร
999 ^a ทศพร
รายการนี้ยังไม่มีแท็ก
คุณยังไม่ได้ล็อกอิน คุณสามารถมีกิจกรรมร่วมกับเว็บไซต์ได้ แต่ต้องล็อกอินก่อน ::
  ล็อกอิน

รายการสื่อสารสนเทศ

ลำดับที่ ประเภท เลขเรียก/บาร์โค้ด สถานที่ สถานะ
- ไม่พบข้อมูล -

รายการใกล้เคียง
    หัวเรื่อง [ชีวเคมี]

BibComment


ยังไม่เคยถูกคอมเมนท์

คอมเมนท์ทรัพยากรรายการนี้
  คอมเมนท์: ชีวเคมี อาภัสสรา..


 Copyright 2026. Bcnsprnw @Library